00670nam a2200229 a 45000010005000000030009000050050017000140080041000310400028000720820018001001000058001182450023001762600049001993000015002484900031002635000024002946500035003186500029003536500029003829420012004119990017004233759CO-ViMGA20230915225439.0141112s2004 ck r 000 u spa d aCO-ViMGAbspacCO-ViMGA04aFr595.7 I 5731 aUribe Hurtado, Cristina; Salazar, Julian Adolfo9773210aInsectos del Llano aBogotá : bCristina Uribe Editores, c1995 a103 p : il aNaturaleza de la orinoquia aEn : Fr 595.7 I 57314aANIMALES DE LA ORINOQUIA9773514aECOLOGIA DEL LLANO9773414aINSECTOS DEL LLANO97733 2ddccBK c15780d15780